Contemporary Caribbean: A sociological Reader /

Furkejuvvon:
Bibliográfalaš dieđut
Váldodahkki: Craig, Susan
Eará dahkkit: ed.
Materiálatiipa: Texto
Almmustuhtton: Madrid: The College Press
Fáddágilkorat: Lasit fáddágilkoriid
Eai fáddágilkorat, Lasit vuosttaš fáddágilkora!

MARC

LEADER 00000 a a2200000 04500
001 25281
003
040
090 |a 180900  
100 |a Craig, Susan  
245 |a Contemporary Caribbean: A sociological Reader /  |c Susan Craig 
260 |a Madrid:   |b The College Press  
300 |a 404 p.; vol. 1  
700 |a ed.  
999 |c 8782  |d 8782